| 000 | 00679nam a2200205 4500 | ||
|---|---|---|---|
| 001 | 148096 | ||
| 003 | ES-MaACL | ||
| 005 | 20230906202428.0 | ||
| 007 | t| | ||
| 008 | 070214s1970 ag r ||||1| spa d | ||
| 100 | 1 |
_aStinchcombe, Arthur L. _9108230 |
|
| 245 | 1 | 3 |
_aLa construcción de teorías sociales / _cArthur Stinchcombe ; [traducción de Marta Rivalta]. |
| 260 |
_aBuenos Aires : _bNueva Visión, _c[1970] ( _fStandard) |
||
| 300 |
_a341 p. ; _c20 cm. |
||
| 490 | 1 | _aCuadernos de investigación social | |
| 700 | 1 |
_aRivalta, Marta. _997541 |
|
| 830 | 0 |
_aCuadernos de investigación social _9184609 |
|
| 852 |
_aES-MaACL _jA-7651 _bR.96377 |
||
| 999 |
_c148096 _d148096 |
||